| 000 | 01395nam a22002777a 4500 | ||
|---|---|---|---|
| 001 | 1929683 | ||
| 003 | AM-YEHGA | ||
| 005 | 20250618080129.0 | ||
| 008 | 231109s2023 ai o|||gr|||||||1|0|arm|d | ||
| 020 | _a9789939962429 | ||
| 040 | _aAM-YeHGA | ||
| 041 | 0 | _aarm | |
| 100 | 1 |
_aՀամբարձումեան, Ռաֆայէլ _94055 |
|
| 245 | 1 | 0 |
_aԳարեգին Նժդեհի սեղմվարքի զուգադրումը հայոց պատմութեան խեղաթիւրումների սրբագրումներին = _bThe relation of the brief history of the life of Garegin Nzhdeh to the revision of the falsified historical facts in the History of Armenia / _cՌաֆայէլ Համբարձումեան. |
| 246 | 3 | 1 | _aThe relation of the brief history of the life of Garegin Nzhdeh to the revision of the falsified historical facts in the History of Armenia |
| 260 |
_aԵրեւան : _bՄեկնարկ, _c2023. |
||
| 300 |
_a104 էջ : _bլուսանկարներ ; _c20 սմ. |
||
| 504 | _aՏողատակում՝ մատենագիտական ծանոթագրություն։ | ||
| 600 | 1 | 4 |
_aՆժդեհ, Գարեգին, _d1886-1955 _91005 |
| 650 | 1 | 4 | _aՀայոց պատմություն |
| 650 | 1 | 4 | _aՀայոց պատմության նշանավոր դեմքեր |
| 650 | 1 | 4 | _aԱնվանի հայեր |
| 650 | 1 | 4 | _aՀայ փիլիսոփայություն |
| 942 |
_2udc _cBK |
||
| 090 | _c567420 | ||
| 999 |
_c529085 _d529085 |
||